000 00828nam0a22002651 4500
001 rc\4672670
005 20250612150426.0
021 _aRU
_b[63-3200]
035 _a(NLR Aleph) 008703252
090 _a9312070
_c9312070
100 _a20130416d1963 |||y0rusy50 ca
101 0 _arus
102 _aRU
105 _aa z |||||
200 1 _aПо щучьему велению
_e[Для мл. школьного возраста]
_fХудож. Б. Спорников
210 _aОмск
_cКн. изд-во
_d1963
215 _a20 с.
_cил.
_d20
225 1 _aРусская народная сказка
608 _aСказки русские (д. л.)
_2psbo
702 1 _aСпорников
_bБ.
_4440
801 0 _aRU
_bNLR
_gpsbo
801 1 _aRU
_bELAR
_2rusmarc
852 _aNLR
_j63-4/2156
942 _cBOOK
980 _aNB